| 000 | 00720nam a2200205 a 4500 | ||
|---|---|---|---|
| 003 | 0 | ||
| 005 | 20250228125447.0 | ||
| 008 | 100824s19uu xx 00 eng d | ||
| 050 |
_aPGS LB 3013.3 _b.G948 2010 |
||
| 100 | _aGuido, Gian Carla B. | ||
| 245 |
_aCrisis management of grade six SISC students / _cGian Carla B. Guido. |
||
| 260 |
_aLas PiƱas City, Philippines : _bSouthville International School and Colleges, _c2010. |
||
| 300 |
_a26 pages : _bcolored illustrations ; _c28 cm. |
||
| 504 | _aIncludes bibliographical references. | ||
| 650 | _aSchool crisis management. | ||
| 650 | _aEducational emergencies. | ||
| 650 |
_aStudents _vPsychology. |
||
| 650 | _aSixth grade (Education). | ||
| 942 |
_2lcc _cPASS |
||
| 999 |
_c98374 _d98374 |
||